[Event "EU-Cup 13th Group5"]
[Site "Mulhouse"]
[Date "1997.10.03"]
[Round "1"]
[White "Gobet, Fernand"]
[Black "Petschar, Kurt"]
[Result "1-0"]
[WhiteElo "2395"]
[BlackElo "2270"]
[PlyCount "83"]
[EventDate "1997.10.03"]
[EventType "team-k.o."]
[EventRounds "3"]
[EventCountry "FRA"]
[SourceTitle "EXT 2020"]
[Source "ChessBase"]
[SourceDate "2019.10.17"]
[SourceVersion "1"]
[SourceVersionDate "2019.10.17"]
[SourceQuality "1"]
[WhiteTeam "Geneve"]
[BlackTeam "Klagenfurt"]
[WhiteTeamCountry "SUI"]
[BlackTeamCountry "AUT"]

1. e4 c5 2. Nf3 Nc6 3. Nc3 d6 4. Bc4 e6 5. 0-0 Nf6 6. d3 Be7 7. Ne2 0-0 8. Bb3 d5 9. Ng3 b6 10. e5 Nd7 11. Re1 Ba6 12. c3 Qc7 13. d4 cxd4 14. cxd4 Rfc8 15. Bg5 Bxg5 16. Nxg5 Ncxe5 17. Ba4 Nf8 18. b4 Nc4 19. b5 Bb7 20. Rc1 Qe7 21. Qg4 a6 22. Nh5 Ng6 23. Bc2 axb5 24. Nxh7 Kxh7 25. Nf4 Nce5 26. dxe5 Rxc2 27. Nxg6 fxg6 28. Rxc2 Ra4 29. f4 Kg8 30. Rec1 Rc4 31. Qg3 Qf7 32. h3 Qf8 33. Rxc4 bxc4 34. Qe3 b5 35. Qd4 Bc6 36. a3 Qb8 37. Rc3 b4 38. axb4 Qxb4 39. Rf3 Ba4 40. Kh2 Bc2 41. Re3 Bd3 42. Rxd3 1-0

[Event "SUI-chT"]
[Site "Switzerland"]
[Date "1997.??.??"]
[Round "?"]
[White "Gobet, Fernand"]
[Black "Sokolov, Andrei"]
[Result "0-1"]
[WhiteElo "2395"]
[BlackElo "2580"]
[PlyCount "80"]
[EventDate "1997.??.??"]
[EventType "team-tourn"]
[EventRounds "9"]
[EventCountry "SUI"]
[SourceTitle "EXT 1999"]
[Source "ChessBase"]
[SourceDate "1998.11.16"]
[SourceVersion "1"]
[SourceVersionDate "1998.11.16"]
[SourceQuality "1"]

1. e4 c5 2. Nf3 d6 3. d4 cxd4 4. Qxd4 a6 5. Be3 Nf6 6. Nc3 Nbd7 7. 0-0-0 e5 8. Qd3 b5 9. Nd2 Bb7 10. f3 Be7 11. g4 h6 12. a3 Rc8 13. Nb3 Nb6 14. Na5 Ba8 15. Qd2 d5 16. g5 hxg5 17. Bxb6 Qxb6 18. Nxd5 Nxd5 19. exd5 Rd8 20. c4 Rh4 21. Kb1 Rd4 22. Bd3 bxc4 23. Nxc4 Qb3 24. Ne3 Bxd5 25. Nxd5 Qxd5 26. Kc2 Qxf3 27. Rhf1 Qc6+ 28. Qc3 Qxc3+ 29. Kxc3 a5 30. Bb5+ Kf8 31. Rxd4 Rxd4 32. Bc4 Rf4 33. Rxf4 gxf4 34. b4 axb4+ 35. axb4 f5 36. Be6 g6 37. Bc4 f3 38. Bd5 e4 39. Kc2 Bf6 40. Kd2 Bd4 0-1

[Event "SUI-chT"]
[Site "Switzerland"]
[Date "1996.??.??"]
[Round "3"]
[White "Gobet, Fernand"]
[Black "Goldstern, Filip Daniel"]
[Result "1/2-1/2"]
[WhiteElo "2380"]
[BlackElo "2340"]
[PlyCount "130"]
[EventDate "1996.??.??"]
[EventType "team-tourn"]
[EventRounds "9"]
[EventCountry "SUI"]
[SourceTitle "CBM 055 Extra"]
[Source "ChessBase"]
[SourceDate "1997.01.01"]
[SourceVersion "1"]
[SourceVersionDate "1997.01.01"]
[SourceQuality "1"]

1. e4 c5 2. Nf3 e6 3. Nc3 a6 4. a4 Nc6 5. g3 Nf6 6. Bg2 d6 7. d4 cxd4 8. Nxd4 Qc7 9. 0-0 Be7 10. Nb3 b6 11. f4 Rb8 12. Qe2 0-0 13. Kh1 Nb4 14. Be3 Bb7 15. f5 Rfe8 16. fxe6 fxe6 17. Nd4 Bf8 18. Bg5 Nd7 19. Rf2 Nc6 20. Nxc6 Qxc6 21. Raf1 Ne5 22. Be3 g6 23. Bd4 Bg7 24. h3 Re7 25. Qe3 b5 26. axb5 axb5 27. Qg5 Rbe8 28. Nd1 b4 29. Bxe5 Bxe5 30. Ne3 Ba6 31. Ra1 Qb6 32. Ng4 Bxb2 33. Rb1 Bd4 34. Nf6+ Bxf6 35. Qxf6 Qe3 36. Kh2 Qc5 37. h4 Bc4 38. Bh3 e5 39. Rd2 d5 40. exd5 Bxd5 41. Qf2 Qxf2+ 42. Rxf2 Rb8 43. Rd2 Bf7 44. Kg1 Kg7 45. Bg2 Rc7 46. Be4 Rc3 47. Kf2 Be6 48. Rd6 Bf5 49. Bxf5 gxf5 50. Rb2 Rbc8 51. Rxb4 Rxc2+ 52. Kf1 R8c7 53. Re6 Rh2 54. Kg1 Ra2 55. Rb1 Ra5 56. Re1 Rcc5 57. Rf1 e4 58. g4 Re5 59. Rxe5 Rxe5 60. gxf5 Kf6 61. Rf4 e3 62. Kf1 Ra5 63. Ke2 Ke5 64. Rf3 Ke4 65. Rxe3+ Kxf5 1/2-1/2

[Event "Belfort op"]
[Site "Belfort"]
[Date "1992.??.??"]
[Round "6"]
[White "Gobet, Fernand"]
[Black "Gilles, Raphael"]
[Result "0-1"]
[WhiteElo "2390"]
[BlackElo "2285"]
[PlyCount "71"]
[EventDate "1992.??.??"]
[EventType "swiss"]
[EventRounds "9"]
[EventCountry "FRA"]
[SourceTitle "EXT 1999"]
[Source "ChessBase"]
[SourceDate "1998.11.16"]
[SourceVersion "1"]
[SourceVersionDate "1998.11.16"]
[SourceQuality "1"]

1. e4 c5 2. Nf3 e6 3. d4 cxd4 4. Nxd4 a6 5. Bd3 g6 6. Nd2 Bg7 7. N2f3 d6 8. 0-0 Nf6 9. Re1 0-0 10. a4 b6 11. b4 Bb7 12. Bb2 Qc7 13. Ra3 Qe7 14. Qa1 e5 15. Nb3 Nc6 16. Bc3 Nd8 17. Nbd2 Rc8 18. Nf1 Ne6 19. Bd2 Nh5 20. Qa2 Nhf4 21. Bc4 Rxc4 22. Qxc4 d5 23. exd5 Bxd5 24. Qxa6 e4 25. Bxf4 exf3 26. gxf3 Qxb4 27. Rae3 Nxf4 28. Qb5 Nh3+ 29. Kh1 Qh4 30. Ng3 Nf4 31. Ne2 Rd8 32. Re8+ Rxe8 33. Qxe8+ Bf8 34. Nxf4 Qxf4 35. Qe3 Bxf3+ 36. Qxf3 0-1

[Event "St Martin op"]
[Site "St Martin"]
[Date "1991.??.??"]
[Round "3"]
[White "Gobet, Fernand"]
[Black "Carlhammar, Magnus"]
[Result "1/2-1/2"]
[WhiteElo "2390"]
[BlackElo "2290"]
[PlyCount "108"]
[EventDate "1991.??.??"]
[EventType "swiss"]
[EventRounds "9"]
[EventCountry "FRA"]
[SourceTitle "EXT 2000"]
[Source "ChessBase"]
[SourceDate "1999.11.16"]
[SourceVersion "1"]
[SourceVersionDate "1999.11.16"]
[SourceQuality "1"]

1. e4 e5 2. Nf3 Nc6 3. d4 exd4 4. Nxd4 Nf6 5. Nxc6 bxc6 6. e5 Qe7 7. Qe2 Nd5 8. c4 Ba6 9. Nd2 Nb4 10. Nf3 c5 11. Qe4 Rb8 12. b3 Bb7 13. Qe2 f6 14. Bb2 Bxf3 15. gxf3 fxe5 16. Bh3 Nc6 17. 0-0-0 Qg5+ 18. Kb1 Bd6 19. Rhg1 Qh6 20. Bf5 Qf6 21. Be4 Nd4 22. Qd3 g6 23. Bc1 a5 24. Bg5 Qg7 25. Rd2 a4 26. Rb2 axb3 27. axb3 Be7 28. Bc1 Rf8 29. Rg3 Rf6 30. h4 Rd6 31. h5 Nf5 32. Bxf5 Rxd3 33. Bxd3 g5 34. Be4 c6 35. Rh3 h6 36. Rh1 Bf6 37. Rd1 Rd8 38. Be3 Be7 39. Ra2 Kf8 40. Ra7 Qf7 41. Bxc6 Qxh5 42. Be4 Qh3 43. Kc2 Qe6 44. Rda1 h5 45. R7a6 Qh3 46. Rg6 Kf7 47. Raa6 d6 48. Rh6 Rd7 49. Ra8 Bf8 50. Rh7+ Kg8 51. Rh6 Kf7 52. Rh8 Bg7 53. Rh7 Kf6 54. Rg8 Qf1 1/2-1/2

[Event "St Martin op"]
[Site "St Martin"]
[Date "1991.??.??"]
[Round "5"]
[White "Gobet, Fernand"]
[Black "Hoyos Millan, Luis Bernardo"]
[Result "1-0"]
[WhiteElo "2390"]
[BlackElo "2210"]
[PlyCount "44"]
[EventDate "1991.??.??"]
[EventType "swiss"]
[EventRounds "9"]
[EventCountry "FRA"]
[SourceTitle "EXT 2000"]
[Source "ChessBase"]
[SourceDate "1999.11.16"]
[SourceVersion "1"]
[SourceVersionDate "1999.11.16"]
[SourceQuality "1"]

1. e4 c5 2. Nf3 e6 3. d4 cxd4 4. Nxd4 Nf6 5. Bd3 Nc6 6. Nxc6 bxc6 7. 0-0 e5 8. Nd2 Be7 9. Kh1 d6 10. Qe2 Be6 11. Nc4 0-0 12. f4 exf4 13. Bxf4 d5 14. exd5 cxd5 15. Ne5 Qb6 16. Bg5 Kh8 17. Rxf6 Bxf6 18. Qh5 Bf5 19. Bxf5 g6 20. Bxg6 fxg6 21. Nxg6+ Kg8 22. Nxf8 Rxf8 1-0

[Event "Bern"]
[Site "Bern"]
[Date "1989.??.??"]
[Round "?"]
[White "Campora, Daniel Hugo"]
[Black "Gobet, Fernand"]
[Result "1-0"]
[WhiteElo "2500"]
[BlackElo "2415"]
[PlyCount "105"]
[EventDate "1989.02.??"]
[EventType "tourn"]
[EventRounds "11"]
[EventCountry "SUI"]
[EventCategory "7"]
[SourceTitle "CBM 011"]
[Source "ChessBase"]
[SourceDate "1989.08.01"]
[SourceVersion "1"]
[SourceVersionDate "1989.08.01"]
[SourceQuality "1"]

1. e4 c5 2. Nf3 e6 3. d4 cxd4 4. Nxd4 Nc6 5. Nc3 Qc7 6. g3 a6 7. Bg2 Nf6 8. 0-0 h6 9. Re1 Nxd4 10. Qxd4 Bc5 11. Qd3 d6 12. h3 e5 13. Be3 Be6 14. Rad1 Rd8 15. Nd5 Bxd5 16. exd5 Bxe3 17. Rxe3 0-0 18. c4 Rc8 19. Rc1 Qc5 20. Qd2 b5 21. b4 Qd4 22. Rd3 Qb6 23. Rdc3 Qd4 24. Qc2 Rxc4 25. Rxc4 bxc4 26. Qxc4 Qd2 27. a3 e4 28. Rc2 Qd1+ 29. Kh2 Re8 30. Re2 e3 31. Rxe3 Rxe3 32. fxe3 Qa4 33. Qc6 Qxa3 34. Qxd6 Qxe3 35. Qxa6 h5 36. Qc4 g5 37. Qc8+ Kg7 38. Qf5 h4 39. gxh4 gxh4 40. b5 Qg3+ 41. Kg1 Qe3+ 42. Qf2 Qc1+ 43. Bf1 Nd7 44. Qd4+ f6 45. Qg4+ Kf8 46. Qxd7 Qe3+ 47. Kg2 Qe4+ 48. Kf2 Qf4+ 49. Ke2 Qe4+ 50. Kd2 Qd4+ 51. Bd3 Qb2+ 52. Kd1 Qb3+ 53. Ke2 1-0

[Event "Bern"]
[Site "Bern"]
[Date "1989.??.??"]
[Round "?"]
[White "Gurevich, Mikhail"]
[Black "Gobet, Fernand"]
[Result "1-0"]
[WhiteElo "2590"]
[BlackElo "2415"]
[PlyCount "57"]
[EventDate "1989.02.??"]
[EventType "tourn"]
[EventRounds "11"]
[EventCountry "SUI"]
[EventCategory "7"]
[SourceTitle "CBM 011"]
[Source "ChessBase"]
[SourceDate "1989.08.01"]
[SourceVersion "1"]
[SourceVersionDate "1989.08.01"]
[SourceQuality "1"]

1. d4 Nf6 2. c4 g6 3. Nc3 d5 4. cxd5 Nxd5 5. e4 Nxc3 6. bxc3 Bg7 7. Qa4+ Qd7 8. Qxd7+ Bxd7 9. Rb1 b6 10. Bd3 0-0 11. Ne2 f5 12. e5 c5 13. Bc4+ e6 14. f4 cxd4 15. cxd4 Nc6 16. Bd2 Rfc8 17. Bb3 Kf7 18. Kf2 Bf8 19. Rhc1 Ne7 20. Bb4 Rxc1 21. Rxc1 Rc8 22. Rxc8 Bxc8 23. Nc3 Bh6 24. g3 g5 25. Nb5 Bd7 26. Nd6+ Kg7 27. Ne8+ Kf7 28. Nf6 Bc6 29. Bxe7 1-0

[Event "Lenk op"]
[Site "Lenk"]
[Date "1989.??.??"]
[Round "?"]
[White "Ruf, Matthias"]
[Black "Gobet, Fernand"]
[Result "1/2-1/2"]
[WhiteElo "2390"]
[BlackElo "2415"]
[PlyCount "39"]
[EventDate "1989.06.??"]
[EventType "swiss"]
[EventRounds "7"]
[EventCountry "SUI"]
[SourceTitle "EXT 1997"]
[Source "ChessBase"]
[SourceDate "1996.11.15"]
[SourceVersion "1"]
[SourceVersionDate "1996.11.15"]
[SourceQuality "1"]

1. d4 Nf6 2. Nf3 g6 3. c4 Bg7 4. Nc3 d5 5. cxd5 Nxd5 6. e4 Nxc3 7. bxc3 c5 8. Rb1 0-0 9. Be3 cxd4 10. cxd4 Qa5+ 11. Qd2 Qxd2+ 12. Kxd2 f5 13. Bc4+ Kh8 14. exf5 gxf5 15. Bf4 Nc6 16. Ne5 Nxd4 17. Nf7+ Kg8 18. Nh6+ Kh8 19. Nf7+ Kg8 20. Nh6+ 1/2-1/2

[Event "Bern"]
[Site "Bern"]
[Date "1989.??.??"]
[Round "?"]
[White "Silva, Marco"]
[Black "Gobet, Fernand"]
[Result "0-1"]
[WhiteElo "2330"]
[BlackElo "2415"]
[PlyCount "104"]
[EventDate "1989.02.??"]
[EventType "tourn"]
[EventRounds "11"]
[EventCountry "SUI"]
[EventCategory "7"]
[SourceTitle "CBM 011"]
[Source "ChessBase"]
[SourceDate "1989.08.01"]
[SourceVersion "1"]
[SourceVersionDate "1989.08.01"]
[SourceQuality "1"]

1. e4 c6 2. d4 d5 3. exd5 cxd5 4. Bd3 Nc6 5. c3 Nf6 6. Bf4 Bg4 7. Qb3 Qc8 8. Nd2 e6 9. Ngf3 Be7 10. 0-0 Bh5 11. Ne5 Nxe5 12. Bxe5 0-0 13. Rae1 Bg6 14. Bxf6 Bxf6 15. Bxg6 hxg6 16. f4 b5 17. Nf3 Qc4 18. Ne5 Qxb3 19. axb3 Rfe8 20. b4 a5 21. bxa5 Rxa5 22. Ra1 Rea8 23. Rxa5 Rxa5 24. Nd3 Be7 25. Rc1 g5 26. g3 gxf4 27. gxf4 Ra2 28. Kf2 Bd6 29. Kf3 g6 30. h3 Kg7 31. Ke3 Kf6 32. Kf3 Kf5 33. Rg1 f6 34. Rb1 Ra8 35. h4 Rh8 36. Rh1 Rh7 37. b3 Rh5 38. b4 g5 39. fxg5 fxg5 40. Rf1 Rxh4 41. Kg2+ Bf4 42. Nxf4 gxf4 43. Ra1 Rg4+ 44. Kf2 Rg3 45. Ra5 Rxc3 46. Rxb5 Rc4 47. Rb8 Rxd4 48. b5 Rb4 49. b6 e5 50. b7 Ke4 51. Ke2 d4 52. Kd2 f3 0-1

[Event "Olympiad-28"]
[Site "Thessaloniki"]
[Date "1988.11.23"]
[Round "10"]
[White "Kalinin, Vladimir Valentinov"]
[Black "Gobet, Fernand"]
[Result "1-0"]
[WhiteElo "2260"]
[BlackElo "2360"]
[PlyCount "119"]
[EventDate "1988.11.13"]
[EventType "team-swiss"]
[EventRounds "14"]
[EventCountry "GRE"]
[SourceTitle "TD"]
[Source "ChessBase"]
[SourceDate "1994.03.01"]
[SourceVersion "1"]
[SourceVersionDate "1994.03.01"]
[SourceQuality "1"]
[WhiteTeam "Wales"]
[BlackTeam "Switzerland"]
[WhiteTeamCountry "WLS"]
[BlackTeamCountry "SUI"]

1. d4 Nf6 2. g3 d5 3. Bg2 g6 4. c4 c6 5. cxd5 cxd5 6. Nc3 Bg7 7. Qb3 0-0 8. Nxd5 Nxd5 9. Bxd5 Nc6 10. Bxc6 bxc6 11. Nf3 Bh3 12. Ng5 Bg2 13. Rg1 Bd5 14. Qd3 Qb6 15. Nf3 Rfd8 16. Kf1 c5 17. dxc5 Qxc5 18. Kg2 Rac8 19. a4 Ba8 20. Qb5 Qc2 21. Ra3 e5 22. Be3 Bc6 23. Qa6 Qxb2 24. Rd3 Re8 25. Rd6 Ba8 26. Rgd1 Qa2 27. R1d2 Qa3 28. Qxa7 e4 29. Ng5 Qb3 30. Rd7 Rf8 31. a5 h6 32. Nh3 g5 33. Rc7 Rxc7 34. Qxc7 Qb4 35. Rd8 Qb2 36. Ng1 Qb5 37. Rxf8+ Bxf8 38. h4 g4 39. Qc8 Qxa5 40. Qxg4+ Kh7 41. Qc8 Bg7 42. Nh3 Qd5 43. Nf4 Qc6 44. Qf5+ Kg8 45. Qg4 Kh7 46. Nh5 Qg6 47. Qc8 Qxh5 48. Qxa8 f5 49. Qb7 Kg8 50. Qc8+ Kh7 51. Qd7 Kg8 52. Bd4 Bxd4 53. Qxd4 Qxe2 54. Qd5+ Kg7 55. Qxf5 h5 56. Qg5+ Kh8 57. Qf5 Qd1 58. Qxe4 Kg7 59. Qc6 Kh8 60. Qf3 1-0

[Event "Olympiad-28"]
[Site "Thessaloniki"]
[Date "1988.11.15"]
[Round "3"]
[White "Gobet, Fernand"]
[Black "Sarfati, Jonathan D"]
[Result "1/2-1/2"]
[WhiteElo "2360"]
[BlackElo "2265"]
[PlyCount "139"]
[EventDate "1988.11.13"]
[EventType "team-swiss"]
[EventRounds "14"]
[EventCountry "GRE"]
[SourceTitle "TD"]
[Source "ChessBase"]
[SourceDate "1994.03.01"]
[SourceVersion "1"]
[SourceVersionDate "1994.03.01"]
[SourceQuality "1"]
[WhiteTeam "Switzerland"]
[BlackTeam "New Zealand"]
[WhiteTeamCountry "SUI"]
[BlackTeamCountry "NZL"]

1. e4 e5 2. Nf3 Nc6 3. Bc4 Bc5 4. c3 Nf6 5. b4 Bb6 6. d3 d6 7. 0-0 0-0 8. a4 a6 9. Bb3 Ne7 10. Bg5 Ng6 11. Nbd2 h6 12. Be3 Bxe3 13. fxe3 d5 14. exd5 Nxd5 15. Nc4 Bg4 16. Qe1 Qe7 17. Kh1 Rad8 18. Rc1 e4 19. dxe4 Qxe4 20. Nfd2 Qe7 21. Qg3 Be6 22. Rf2 Qg5 23. Qxg5 hxg5 24. Na5 Nxe3 25. Bxe6 fxe6 26. Rxf8+ Nxf8 27. Ne4 b6 28. Nc6 Rd1+ 29. Rxd1 Nxd1 30. Nb8 a5 31. bxa5 bxa5 32. Nc6 Nb2 33. Nc5 Nc4 34. Kg1 Kf7 35. Kf2 Ng6 36. Ke2 Nf4+ 37. Kf3 Nd5 38. Ne4 Kg6 39. g3 Ndb6 40. Nc5 Kf5 41. g4+ Kf6 42. Ne4+ Kg6 43. Nc5 Kf6 44. Ne4+ Kg6 45. Nc5 e5 46. Ke4 Kf6 47. Kf3 Nd5 48. Ke4 Ndb6 49. Kf3 Nb2 50. Ne4+ Ke6 51. Nxa5 N2xa4 52. c4 Nb2 53. Nxg5+ Kd7 54. c5 N6a4 55. c6+ Kd6 56. Ke4 Nc3+ 57. Kf5 Kd5 58. Ne6 g6+ 59. Kf6 Kd6 60. h4 Nd5+ 61. Kf7 Nf4 62. Nf8 e4 63. Nb3 Ke5 64. Nxg6+ Nxg6 65. Kxg6 Nd3 66. Nd2 Kf4 67. Nxe4 Kxg4 68. h5 Nf4+ 69. Kf7 Nxh5 70. Nf6+ 1/2-1/2

[Event "Olympiad-28"]
[Site "Thessaloniki"]
[Date "1988.11.13"]
[Round "1"]
[White "Chin, Fong Stephen"]
[Black "Gobet, Fernand"]
[Result "0-1"]
[WhiteElo "2205"]
[BlackElo "2360"]
[PlyCount "61"]
[EventDate "1988.11.13"]
[EventType "team-swiss"]
[EventRounds "14"]
[EventCountry "GRE"]
[SourceTitle "TD"]
[Source "ChessBase"]
[SourceDate "1994.03.01"]
[SourceVersion "1"]
[SourceVersionDate "1994.03.01"]
[SourceQuality "1"]
[WhiteTeam "Malaysia"]
[BlackTeam "Switzerland"]
[WhiteTeamCountry "MAS"]
[BlackTeamCountry "SUI"]

1. d4 Nf6 2. c4 g6 3. Nf3 Bg7 4. g3 0-0 5. Bg2 c6 6. Nc3 d5 7. cxd5 cxd5 8. 0-0 Ne4 9. Bd2 Nc6 10. e3 Bg4 11. h3 Bf5 12. Nh4 Nxc3 13. Bxc3 Be6 14. Qe2 Qd7 15. Kh2 a6 16. Nf3 Rac8 17. Rfc1 Bf5 18. Qd2 Be4 19. Ne5 Nxe5 20. dxe5 Bxg2 21. Kxg2 Qe6 22. f4 f6 23. exf6 Qe4+ 24. Kh2 exf6 25. Qg2 f5 26. Rd1 Rcd8 27. Rd2 Rf7 28. Rad1 Qxg2+ 29. Kxg2 Rd6 30. Kf3 Rfd7 31. Bd4 0-1

[Event "Bern"]
[Site "Bern"]
[Date "1988.??.??"]
[Round "?"]
[White "Adler, Joel Arturo Manuel"]
[Black "Gobet, Fernand"]
[Result "0-1"]
[WhiteElo "2290"]
[BlackElo "2350"]
[PlyCount "110"]
[EventDate "1988.02.??"]
[EventType "tourn"]
[EventRounds "11"]
[EventCountry "SUI"]
[EventCategory "8"]
[SourceTitle "CBM 008"]
[Source "ChessBase"]
[SourceDate "1989.02.01"]
[SourceVersion "1"]
[SourceVersionDate "1989.02.01"]
[SourceQuality "1"]

1. d4 Nf6 2. c4 g6 3. Nc3 d5 4. cxd5 Nxd5 5. e4 Nxc3 6. bxc3 Bg7 7. Bc4 0-0 8. Ne2 c5 9. 0-0 Nc6 10. Be3 Qc7 11. Rc1 Rd8 12. Qd2 a6 13. Bh6 Bh8 14. Qe3 b5 15. Bd5 e6 16. Bxc6 Qxc6 17. Nf4 Bb7 18. d5 Qd6 19. dxe6 fxe6 20. h4 Qe5 21. Rfe1 Bf6 22. Nd3 Qxe4 23. Qxe4 Bxe4 24. Nxc5 Bd5 25. Nxe6 Rdc8 26. Bg5 Bxc3 27. Re3 b4 28. Rc2 a5 29. Nf4 Bf7 30. Ne2 Bg7 31. Rd2 a4 32. Nd4 Rc1+ 33. Kh2 b3 34. Nxb3 axb3 35. axb3 Rc7 36. Red3 h6 37. Bf4 Rb7 38. Rd7 Rxd7 39. Rxd7 Bxb3 40. f3 Bf7 41. Kg3 h5 42. Rb7 Bd5 43. Rd7 Be6 44. Rb7 Rd8 45. Re7 Bf5 46. Ra7 Bc3 47. Bg5 Be5+ 48. Bf4 Bf6 49. Ra6 Bc3 50. Kh2 Kf7 51. Rc6 Rc8 52. Ra6 Rc4 53. Bg3 Bf6 54. Ra7+ Ke8 55. Ra8+ Kd7 0-1

[Event "Biel-B"]
[Site "Biel"]
[Date "1988.??.??"]
[Round "11"]
[White "Bellon Lopez, Juan Manuel"]
[Black "Gobet, Fernand"]
[Result "1/2-1/2"]
[WhiteElo "2450"]
[BlackElo "2405"]
[PlyCount "123"]
[EventDate "1988.07.??"]
[EventType "tourn"]
[EventRounds "11"]
[EventCountry "SUI"]
[EventCategory "8"]
[SourceTitle "EXT 1997"]
[Source "ChessBase"]
[SourceDate "1996.11.15"]
[SourceVersion "1"]
[SourceVersionDate "1996.11.15"]
[SourceQuality "1"]

1. d4 Nf6 2. c4 g6 3. Nc3 d5 4. cxd5 Nxd5 5. e4 Nxc3 6. bxc3 Bg7 7. Bc4 c5 8. Ne2 0-0 9. 0-0 Nc6 10. Be3 Qc7 11. Rc1 Rd8 12. Qd2 Qa5 13. Rfd1 cxd4 14. cxd4 Qxd2 15. Rxd2 Bd7 16. d5 Na5 17. Bd3 b6 18. Nd4 Rac8 19. Rdc2 Rxc2 20. Rxc2 Rc8 21. Rxc8+ Bxc8 22. f4 Bxd4 23. Bxd4 f5 24. Kf2 fxe4 25. Bxe4 Nc4 26. Be5 Bb7 27. Bb8 a6 28. Bf3 b5 29. Ba7 Bc8 30. Bc5 Kf7 31. Ke2 Bf5 32. g4 Bb1 33. a3 Bc2 34. h4 Bb1 35. Bb4 h6 36. Bc5 Bc2 37. Bg2 Bb1 38. Bh3 Be4 39. g5 hxg5 40. Be6+ Ke8 41. fxg5 a5 42. Kf2 Kf8 43. Kg3 b4 44. axb4 axb4 45. Bxb4 Ne3 46. d6 exd6 47. Bxd6+ Kg7 48. Kf4 Bd5 49. Bh3 Ng2+ 50. Kg3 Ne3 51. Kf2 Nf5 52. Be5+ Kh7 53. h5 Be4 54. Bg4 gxh5 55. Bxh5 Ng7 56. Ke3 Bg6 57. Bf3 Bb1 58. Bf6 Nf5+ 59. Kf4 Kg6 60. Bc6 Nd6 61. Be7 Nf7 62. Be8 1/2-1/2

[Event "Bern"]
[Site "Bern"]
[Date "1988.??.??"]
[Round "?"]
[White "Cebalo, Miso"]
[Black "Gobet, Fernand"]
[Result "1/2-1/2"]
[WhiteElo "2515"]
[BlackElo "2350"]
[PlyCount "126"]
[EventDate "1988.02.??"]
[EventType "tourn"]
[EventRounds "11"]
[EventCountry "SUI"]
[EventCategory "8"]
[SourceTitle "CBM 008"]
[Source "ChessBase"]
[SourceDate "1989.02.01"]
[SourceVersion "1"]
[SourceVersionDate "1989.02.01"]
[SourceQuality "1"]

1. Nf3 Nf6 2. c4 g6 3. Nc3 d5 4. cxd5 Nxd5 5. g3 Bg7 6. Bg2 0-0 7. 0-0 Nc6 8. Ng5 e6 9. Nge4 b6 10. d3 Bb7 11. Bg5 f6 12. Bd2 Nce7 13. Qb3 Rb8 14. d4 Qd7 15. e3 h6 16. Ne2 Kh7 17. Rfd1 f5 18. N4c3 Nxc3 19. Bxc3 Bxg2 20. Kxg2 Nd5 21. Rac1 g5 22. Be1 f4 23. Qd3+ Kh8 24. Ng1 fxe3 25. fxe3 Nxe3+ 26. Qxe3 Qd5+ 27. Nf3 g4 28. Qb3 gxf3+ 29. Kg1 Qf5 30. Qc2 Qh3 31. Qf2 Rf7 32. Bc3 Rd8 33. Rd3 c5 34. Rxf3 Rxf3 35. Qxf3 cxd4 36. Bd2 Rf8 37. Qe4 Qf5 38. Qxf5 Rxf5 39. Rc6 e5 40. Bxh6 Bxh6 41. Rxh6+ Kg7 42. Rd6 Kf7 43. Kg2 Ke7 44. Rd5 Ke6 45. Rd8 Ke7 46. Rd5 Ke6 47. Rd8 Rf7 48. h4 Kf5 49. h5 Rh7 50. Kf3 e4+ 51. Ke2 Rxh5 52. Rd5+ Kg4 53. Rxd4 Rh2+ 54. Ke3 Rxb2 55. Rxe4+ Kxg3 56. Ra4 a5 57. Kd3 Kf3 58. Kc3 Re2 59. Kb3 Re3+ 60. Kb2 Re4 61. Ra3+ Re3 62. Ra4 Re4 63. Ra3+ Re3 1/2-1/2

[Event "SUI-ch"]
[Site "Switzerland"]
[Date "1988.??.??"]
[Round "?"]
[White "Ekstroem, Roland"]
[Black "Gobet, Fernand"]
[Result "1/2-1/2"]
[WhiteElo "2440"]
[BlackElo "2405"]
[PlyCount "129"]
[EventDate "1988.??.??"]
[EventType "tourn"]
[EventRounds "11"]
[EventCountry "SUI"]
[EventCategory "5"]
[SourceTitle "CBM 010"]
[Source "ChessBase"]
[SourceDate "1989.06.01"]
[SourceVersion "1"]
[SourceVersionDate "1989.06.01"]
[SourceQuality "1"]

1. Nf3 Nf6 2. c4 g6 3. Nc3 d5 4. cxd5 Nxd5 5. Qb3 Nb6 6. d4 Be6 7. Qc2 Nc6 8. e4 Nb4 9. Qd1 Bg7 10. a3 Na6 11. d5 Bg4 12. Bb5+ Nd7 13. h3 Bxf3 14. Qxf3 Nac5 15. Be3 0-0 16. 0-0 a6 17. Bxd7 Nxd7 18. Rfd1 b5 19. Qe2 Bxc3 20. bxc3 Ne5 21. a4 Qd7 22. Bc5 Rfe8 23. Ra2 Nc4 24. Rda1 Rab8 25. axb5 Qxb5 26. Rxa6 e6 27. Ba7 Ra8 28. dxe6 Rxe6 29. R6a4 Nd6 30. Qxb5 Nxb5 31. Bd4 Rxa4 32. Rxa4 f6 33. Rb4 c5 34. Rxb5 cxd4 35. f3 dxc3 36. Rc5 h5 37. h4 Kf7 38. Rxc3 Re7 39. Kf2 Ra7 40. Ke3 Ra2 41. Rc7+ Kf8 42. g3 Ra3+ 43. Kf2 Ra2+ 44. Kf1 Ra1+ 45. Kg2 Ra2+ 46. Kh3 Ra3 47. Kg2 Ra2+ 48. Kf1 Rb2 49. Rd7 Ra2 50. Rd3 Ke7 51. Re3 Rb2 52. Re2 Rb3 53. Kf2 Ra3 54. Rd2 Rb3 55. Ke2 Ra3 56. Rd3 Ra2+ 57. Ke3 Ra7 58. Kf4 Ra1 59. Rb3 Kf7 60. g4 hxg4 61. fxg4 Rh1 62. Rb7+ Kg8 63. Kg3 Rg1+ 64. Kf3 Rf1+ 65. Kg3 1/2-1/2

[Event "Biel-B"]
[Site "Biel"]
[Date "1988.??.??"]
[Round "6"]
[White "Gobet, Fernand"]
[Black "Costa, Jean Luc"]
[Result "1-0"]
[WhiteElo "2405"]
[BlackElo "2350"]
[PlyCount "123"]
[EventDate "1988.07.??"]
[EventType "tourn"]
[EventRounds "11"]
[EventCountry "SUI"]
[EventCategory "8"]
[SourceTitle "EXT 1997"]
[Source "ChessBase"]
[SourceDate "1996.11.15"]
[SourceVersion "1"]
[SourceVersionDate "1996.11.15"]
[SourceQuality "1"]

1. e4 e5 2. d4 exd4 3. Nf3 Bb4+ 4. c3 dxc3 5. bxc3 Be7 6. Bc4 d5 7. exd5 Nf6 8. 0-0 Nbd7 9. Re1 0-0 10. Bf1 Re8 11. c4 Bc5 12. Bg5 h6 13. Bh4 g5 14. Bg3 Ne4 15. Nbd2 Nxg3 16. hxg3 Nf6 17. Nb3 Rxe1 18. Qxe1 Qd6 19. Nxc5 Qxc5 20. Qe5 Ng4 21. Qd4 Qxd4 22. Nxd4 Nf6 23. Nb5 Ne8 24. Re1 Bd7 25. c5 Bxb5 26. Bxb5 Kf8 27. Rb1 Nf6 28. Bc4 Rb8 29. f3 b6 30. Rb3 Nd7 31. c6 Nf6 32. a4 Ne8 33. Kf2 Nd6 34. Ba6 Re8 35. Re3 Rxe3 36. Kxe3 Ke7 37. Kd4 f6 38. g4 Kf7 39. Bd3 Kg7 40. Ba6 Kg6 41. Bd3+ Kf7 42. Ba6 Kg7 43. Ke3 Kf8 44. Kd4 Ke8 45. Ke3 Kd8 46. Kd3 Ke7 47. Kd4 Ne8 48. Bd3 a5 49. g3 Nd6 50. f4 Nc8 51. Ba6 Nd6 52. Bd3 Kf7 53. Ke3 Kf8 54. Kd4 Ke7 55. Ke3 b5 56. Bxb5 Nc8 57. Kd4 Kd6 58. Bc4 Ne7 59. f5 Nc8 60. Ba2 Ne7 61. Bb3 h5 62. gxh5 1-0